[Event "Yvelines-ch"]
[Site "Fontenay le Fleury"]
[Date "2012.02.26"]
[Round "7"]
[White "Plantet, Marc"]
[Black "Mottet, Andre"]
[Result "1-0"]
[WhiteElo "1878"]
[BlackElo "1560"]
[PlyCount "47"]
[EventDate "2012.02.18"]
[EventType "swiss"]
[EventRounds "7"]
[EventCountry "FRA"]
[SourceTitle "EXT 2013"]
[Source "ChessBase"]
[SourceDate "2012.11.22"]
[SourceVersion "1"]
[SourceVersionDate "2012.11.22"]
[SourceQuality "1"]

1. e4 c5 2. Nf3 Nc6 3. d4 cxd4 4. Nxd4 g6 5. Be2 Bg7 6. Be3 e6 7. c4 Nge7 8. Nc3 0-0 9. h4 e5 10. Ndb5 f5 11. Bc5 a6 12. Nd6 Nd4 13. Na4 Qa5+ 14. b4 Qc7 15. Nb6 Rb8 16. h5 Rf6 17. Ne8 Qc6 18. Nd5 Re6 19. Bxe7 Kf7 20. Nxg7 Kxg7 21. hxg6 hxg6 22. Qd2 f4 23. Bg4 Rf6 24. Bxf6+ 1-0

[Event "Montigny le Bretonneux Noel op 07th"]
[Site "Montigny le Bretonneux"]
[Date "2004.12.31"]
[Round "7"]
[White "Bouvier, Clement"]
[Black "Mottet, Andre"]
[Result "1/2-1/2"]
[WhiteElo "1370"]
[BlackElo "1620"]
[PlyCount "56"]
[EventDate "2004.12.??"]
[EventType "swiss"]
[EventRounds "7"]
[EventCountry "FRA"]
[SourceTitle "EXT 2006"]
[Source "ChessBase"]
[SourceDate "2005.11.24"]
[SourceVersion "1"]
[SourceVersionDate "2005.11.24"]
[SourceQuality "1"]

1. e4 e5 2. Nf3 Nc6 3. Bb5 a6 4. Bxc6 dxc6 5. Nxe5 Qd4 6. Ng4 Qxe4+ 7. Ne3 Nf6 8. Nc3 Qg6 9. d4 Bb4 10. Bd2 0-0 11. Qe2 Re8 12. Qd3 Bf5 13. Qc4 Bxc3 14. Qxc3 Ne4 15. Qb4 Nxd2 16. Qxd2 Bxc2 17. 0-0 Be4 18. f3 Bd3 19. Rfd1 Bf5 20. Nxf5 Qxf5 21. Qb4 b6 22. Rac1 Qd5 23. Qc4 Qxc4 24. Rxc4 Re6 25. Rdc1 c5 26. dxc5 b5 27. Rd4 Rae8 28. Rd7 c6 1/2-1/2

[Event "Montigny le Bretonneux Noel op 06th"]
[Site "Montigny le Bretonneux"]
[Date "2003.12.29"]
[Round "5"]
[White "Corde, Philippe"]
[Black "Mottet, Andre"]
[Result "1-0"]
[WhiteElo "1980"]
[BlackElo "1660"]
[PlyCount "43"]
[EventDate "2003.12.26"]
[EventType "swiss"]
[EventRounds "6"]
[EventCountry "FRA"]
[SourceTitle "CBM 097 Extra"]
[Source "ChessBase"]
[SourceDate "2004.01.13"]
[SourceVersion "1"]
[SourceVersionDate "2004.01.13"]
[SourceQuality "1"]

1. e4 d6 2. d4 g6 3. Nf3 Nf6 4. Nc3 Bg7 5. Be2 0-0 6. 0-0 c6 7. a4 Qc7 8. Bg5 d5 9. Bxf6 Bxf6 10. exd5 Rd8 11. Qd2 cxd5 12. Nb5 Qd7 13. Qf4 Na6 14. Ne5 Bxe5 15. dxe5 e6 16. Ra3 Nc7 17. Rh3 f5 18. Qg5 Nxb5 19. Bxb5 Qc7 20. Rc3 Qb6 21. Qe7 Bd7 22. Bxd7 1-0

[Event "Yvelines-ch"]
[Site "Fontenay le Fleury"]
[Date "2003.02.15"]
[Round "6.17"]
[White "Lallemand, Daniel"]
[Black "Mottet, Andre"]
[Result "0-1"]
[WhiteElo "1780"]
[BlackElo "1530"]
[PlyCount "29"]
[EventDate "2003.02.17"]
[EventType "swiss"]
[EventRounds "7"]
[EventCountry "FRA"]
[SourceTitle "EXT 2004"]
[Source "ChessBase"]
[SourceDate "2003.11.25"]
[SourceVersion "1"]
[SourceVersionDate "2003.11.25"]
[SourceQuality "1"]

1. e4 d6 2. d4 g6 3. Be3 Nf6 4. f3 Bg7 5. Qd2 0-0 6. Bh6 e5 7. Bxg7 Kxg7 8. Bc4 exd4 9. Qxd4 Nc6 10. Qd2 Be6 11. Bb3 Re8 12. Ne2 d5 13. exd5 Bxd5 14. 0-0 Bxb3 15. cxb3 0-1

[Event "Montigny le Bretonneux Noel op 05th"]
[Site "Montigny le Bretonneux"]
[Date "2002.12.26"]
[Round "1.21"]
[White "Jany, Olivier"]
[Black "Mottet, Andre"]
[Result "1-0"]
[WhiteElo "1800"]
[BlackElo "1490"]
[PlyCount "87"]
[EventDate "2002.12.??"]
[EventType "swiss"]
[EventRounds "7"]
[EventCountry "FRA"]
[SourceTitle "EXT 2004"]
[Source "ChessBase"]
[SourceDate "2003.11.25"]
[SourceVersion "1"]
[SourceVersionDate "2003.11.25"]
[SourceQuality "1"]

1. e4 c5 2. Nf3 e6 3. d4 cxd4 4. Nxd4 a6 5. Be3 Nf6 6. Bd3 Nc6 7. 0-0 Be7 8. Nc3 0-0 9. f4 d6 10. a3 Bd7 11. Qf3 e5 12. Nb3 Ng4 13. Bd2 Nd4 14. Nxd4 exd4 15. Nd5 Nf6 16. Rae1 Nxd5 17. exd5 Bf6 18. Qh5 g6 19. Qf3 Qc8 20. Kh1 Bf5 21. Bb4 Bxd3 22. Qxd3 Qc7 23. Re4 a5 24. Be1 Rfe8 25. Bf2 Rxe4 26. Qxe4 d3 27. Qxd3 Bxb2 28. Rb1 Qc3 29. Qxc3 Bxc3 30. Rxb7 Re8 31. Rb3 Bg7 32. h3 Re2 33. Bh4 h5 34. Rb5 Rxc2 35. Rxa5 Rc1+ 36. Kh2 Bd4 37. Be7 Bg1+ 38. Kg3 Rc3+ 39. Kh4 Bf2+ 40. Kg5 Rg3+ 41. Kh6 f6 42. Bxd6 Re3 43. Ra8+ Kf7 44. Rf8# 1-0

[Event "Montigny le Bretonneux Noel op 04th"]
[Site "Montigny le Bretonneux"]
[Date "2001.12.27"]
[Round "2.12"]
[White "Mottet, Andre"]
[Black "Lombart, Philippe"]
[Result "0-1"]
[WhiteElo "1299"]
[BlackElo "2130"]
[PlyCount "38"]
[EventDate "2001.12.26"]
[EventType "swiss"]
[EventRounds "7"]
[EventCountry "FRA"]
[SourceTitle "EXT 2003"]
[Source "ChessBase"]
[SourceDate "2002.11.25"]
[SourceVersion "1"]
[SourceVersionDate "2002.11.25"]
[SourceQuality "1"]

1. c4 c5 2. Nc3 Nf6 3. Nf3 d5 4. d3 d4 5. Ne4 Nxe4 6. dxe4 Nc6 7. e3 g6 8. exd4 cxd4 9. Bd3 Bg7 10. 0-0 0-0 11. Bd2 a5 12. a3 Qd6 13. Qc1 Bg4 14. Ne1 Ne5 15. f4 Nxd3 16. Nxd3 Be2 17. Qb1 Bxd3 18. e5 Qc6 19. c5 Be4 0-1